| 000 | 00465cam a2200169ua 4500 | ||
|---|---|---|---|
| 020 | _a0 442 22555 5 | ||
| 041 |
_aeng _h |
||
| 082 |
_a028.71621 _bDAN/HA |
||
| 100 | _aDaniel Hunt , V . | ||
| 245 |
_aHandbook of energy technology trends and perspectives / _cV DanielHunt. _hTextual Documents |
||
| 250 |
_a1 / _b. |
||
| 260 |
_aNew York : _bVan Nostrand Reinhold Company , _c1982. |
||
| 300 | _a1018 ; . | ||
| 504 | _a | ||
| 942 | _cBK | ||
| 999 |
_c7108 _d7108 |
||